Biografía del poeta sevillano Rodrigo Fernández de Ribera y juicio de sus principales obras / (Record no. 155163)
[ view plain ]
| 000 -LEADER | |
|---|---|
| campo de control de longitud fija | 00840nam a2200193 i 4500 |
| 001 - NÚMERO DE CONTROL | |
| campo de control | 155163 |
| 003 - IDENTIFICADOR DE NÚMERO DE CONTROL | |
| campo de control | ES-MaACL |
| 005 - FECHA Y HORA DE LA ÚLTIMA TRANSACCIÓN | |
| campo de control | 20250804063428.0 |
| 008 - DATOS DE LONGITUD FIJA--INFORMACIÓN GENERAL | |
| campo de control de longitud fija | 991221s1889 sp |||| | spa d |
| 040 ## - FUENTE DE CATALOGACIÓN | |
| Centro catalogador/agencia de origen | CCPB | B |
| Lengua de catalogación | spa |
| Centro/agencia transcriptor | CCPB | B |
| 100 1# - ENTRADA PRINCIPAL--NOMBRE DE PERSONA | |
| Nombre de persona | Hazañas y La Rúa, Joaquín, |
| Fechas asociadas al nombre | 1862-1934 |
| 9 (RLIN) | 62227 |
| 245 10 - MENCIÓN DEL TÍTULO | |
| Título | Biografía del poeta sevillano Rodrigo Fernández de Ribera y juicio de sus principales obras / |
| Mención de responsabilidad, etc. | por Joaquín Hazañas y La Rua ... ; precedido de un prólogo de Luis Montoto y Rautenstrauch. |
| 260 ## - PUBLICACIÓN, DISTRIBUCIÓN, ETC. | |
| Lugar de publicación, distribución, etc. | Sevilla : |
| Nombre del editor, distribuidor, etc. | [s.n.], |
| Fecha de publicación, distribución, etc. | 1889 ( |
| Fabricante | Oficina de Carlos de Torres y Daza) |
| 300 ## - DESCRIPCIÓN FÍSICA | |
| Extensión | 127 p. ; |
| Dimensiones | 19 cm. |
| 600 04 - PUNTO DE ACCESO ADICIONAL DE MATERIA--NOMBRE DE PERSONA | |
| Nombre de persona | Fernández de Ribera, Rodrigo. |
| 9 (RLIN) | 49710 |
| 700 0# - ENTRADA AGREGADA--NOMBRE PERSONAL | |
| Nombre de persona | Montoto y Rautenstrauch, Luis. |
| 9 (RLIN) | 82705 |
| 852 ## - LOCALIZACIÓN | |
| Ubicación | ES-MaACL |
| Número de control de estantería | T-1013-F-2 |
| Nota libre | -- Enc. hol. |
| -- | -- Enc. en un vol. facticio |
| Estatus retirado | Estado de pérdida | Estado de daño | No para préstamo | Colección | Biblioteca de origen | Biblioteca actual | Ubicación en estantería | Fecha de adquisición | Total de préstamos | Signatura topográfica completa | Código de barras | Visto por última vez | Precio de reemplazo | Tipo de ítem Koha |
|---|---|---|---|---|---|---|---|---|---|---|---|---|---|---|
| Colección de folletos | Biblioteca del Ateneo de Madrid | Biblioteca del Ateneo de Madrid | Depósito folletos | 17/01/2008 | T-1013-F-2 | 1162309 | 23/02/2023 | 23/02/2023 | Folleto |
